| 000 | 00598nam a2200205Ia 4500 | ||
|---|---|---|---|
| 005 | 20250508165007.0 | ||
| 008 | 008 250505s9999 xx 000 0 eng d | ||
| 020 | _a978-0-415-59750-0 | ||
| 037 | _aTextual | ||
| 040 |
_aFEDL _beng _cFEDL |
||
| 041 |
_aeng _2eng |
||
| 084 |
_a954, DEV _qFEDL |
||
| 100 | _aDevare Aparna | ||
| 245 | 0 | _aHistory and the making of a modern hindu self | |
| 260 |
_aNew Delhi, India _bNee Delhi Routledge Taylor and Francis Group India _c2011 |
||
| 300 | _a236p.xiv, | ||
| 365 |
_aINR _b695 |
||
| 942 |
_cTEXL _h954, DEV |
||
| 999 |
_c1392537 _d1392537 |
||